LEADER 01619nam a2200229 i 4500 001 000000249836 003 CaOOAMICUS 005 20160627000000.0 008 160627s1722 it u000 u lat u 013 $a228741 026 $aitl. e-t. i-us 16et (3) 1722 (R) 040 $aSeMil$bita 245 10$aTomus 5. 300 $a[8], 183, [1] p. 500 $aSegn. : *4 A-K8 L-M6. - Lascito Card. C.M. Martini. 500 $aMarca editoriale: Aquila bicipite con una corona tra le due teste. In una cornice vegetale; in basso al centro iniziali PB intrecciate simmetricamente (Repertorio consultato: Marte, BNC Roma). 773 0 $aPignatelli, Giacomo <1625-1698>$tJacobi Pignatelli ... Consultationum canonicarum. Tomus 1. [-11] in quo praecipuae controversiae de iis, quae ad sanctorum canonizationem, ac sacros ritus; ad sac. Concilium Tridentinum; ad episcopos, & regulares; ad immunitatem, libertatem, ... Opus omnibus utriusque fori judicibus, juriconsultis ac politici studii mmystis, in primisque summorum pontificum, & rerumpublicanarum consiliariis, & advocatis utile plane ac necessarium. Cum duplici indice, altero consultationum ... altero rerum notabilium ex pluribus in unum generalem coacto, singularique volumine comprehenso.$bEditio quarta veneta summo studio recognita, multis in locis aucta, & a mendis repurgata.$dVenetiis : Ex Typographia Balleoniana, 1722.$g5$w()5383 850 $aSeMil 852 $aSeMil$W1$xVenegono$y1$m2J VI 74 FA$j200182$B200182$CSeMilBibl$Z2$F211730 $8I 941 1 $a4 961 $aLascito: Martini Card. Carlo Maria 996 $6245$aTomus 5$9(OLS)http://semarc/title/308130 LEADER 01272nam a2200229 i 4500 001 000000020251 003 CaOOAMICUS 005 20250320120210.0 008 180830s1980 gw u000 u ger u 040 $aSeMil$bita 100 1 $aJacobi, Friedrich Heinrich,$d<1743-1819>.$0(OLS)http://semarc/name/9084 245 10$aWerke /$cFriedrich Heinrich Jacobi ; herausgegeben von Friedrich Roth und Friedrich Koppen. 264 1$aDarmstadt :$bWBG, Wissenschaftliche Buchgesellschaft,$c1980. 300 $a7 v. (in 8 tomi) ;$c19 cm. 500 $aRiproduzione facs. dell'edizione: Leipzig : G. Fleischer, 1812-1825 700 1 $aKöppen, Friedrich.$0(OLS)http://semarc/name/9086 700 1 $aRoth, Friedrich.$0(OLS)http://semarc/name/9085 774 0 $aJacobi, Friedrich Heinrich <1743-1819>$t4.1,2: Vorbericht ....$dDarmstadt : Wissenschaftliche Buchgesellschaft, 1980.$z3-534-03832-0$g4$w()106776 774 0 $aJacobi, Friedrich Heinrich <1743-1819>$t4/3: J.G. Hamanns Briefwechsel mit F.H. Jacobi.$dDarmstadt : Wissenschaftliche Buchgesellschaft, 1980.$z3-534-03832-0$g4$w()175514 996 $6245$aWerke$9(OLS)http://semarc/title/2862 996 $6264$aDarmstadt :$bWBG, Wissenschaftliche Buchgesellschaft$9(OLS)http://semarc/publisher/47241